000 01147nam a22002297a 4500
003 OSt
005 20260511100114.0
008 260511b |||||||| |||| 00| 0 eng d
020 _a978-1-787589421
040 _aKenya National Library Service
082 _a813 LOV
100 _aLovecraft, H.P.
_eauthor.
245 _ahe Invocations:
_bH.P. Lovecraft Short Stories (Special Ramsey Campbell Edition)/
_c H. P. Lovecraft.
250 _aSpecial Ramsey Campbell Edition
300 _a247 pages ;
_c23 cm.
520 _aLovecraft, the foundation stone of horror and the supernatural, presented here in a special, collectable Edition for Ramsey Campbell's 60 years in publication. Special, collectable hardcover edition for Ramsey Campbell's 60 years in publication. H.P. Lovecraft, the inventor of cosmic horror, weird fiction and the Cthulhu mythology, inspired a generation of writers to explore the horrors that lurk along the corridors, at the edges of perception.
650 _aThriller -Fcition
650 _aSuspense-fiction.
942 _2ddc
_cBK
_n0
999 _c492648
_d492648